LEADER 01089nam--2200385---450- 001 990001447230203316 005 20051213094834.0 035 $a000144723 035 $aUSA01000144723 035 $a(ALEPH)000144723USA01 035 $a000144723 100 $a20040223d1968----km-y0itay0103----ba 101 0 $aita 102 $aIT 105 $aa|||||||001yy 200 1 $aMetafisica$fMassimo Carrą, Patrick Waldberg, Ewald Rathke 210 $aMilano$cMazzotta$d1968 215 $a383 p.$cill.$d21 cm 410 0$12001 454 1$12001 461 1$1001-------$12001 606 0 $aArte metafisica$xDocumenti 700 1$aCARRĄ,$bMassimo$038383 701 1$aWALDBERG,$bPatrick$0202774 701 1 $aRATHKE,$bEwald$0401055 801 0$aIT$bsalbc$gISBD 912 $a990001447230203316 951 $aXII.2.D. 317(VII D 110)$b35638 L.M.$cVII D 959 $aBK 969 $aUMA 979 $aSIAV4$b10$c20040223$lUSA01$h1438 979 $aPATRY$b90$c20040406$lUSA01$h1741 979 $aCOPAT6$b90$c20051213$lUSA01$h0948 996 $aMetafisica$9709530 997 $aUNISA LEADER 00961nam0-22003251i-450 001 990007890560403321 005 20240219124009.0 010 $a88-86496-53-2 035 $a000789056 035 $aFED01000789056 035 $a(Aleph)000789056FED01 035 $a000789056 100 $a20040527d2004----km-y0itay50------ba 101 1 $aita 102 $aIT 105 $ay---a---001yy 200 1 $a<> ebrei, i marrani e la figura di Salomon Usque$fGabriella Zavan$gtraduzione di Olivo Bin 210 $aTreviso$cSanti Quaranta$d2004 215 $a221 p.$d23 cm 225 1 $a<>Crune 610 0 $aMarrani$aSec.XVI$aUsque, Salomon 676 $a909.049$v21$zita 700 1$aZavan,$bGabriella$0283203 801 0$aIT$bUNINA$gRICA$2UNIMARC 901 $aBK 912 $a990007890560403321 952 $a909.04924 ZAV 1$bBibl. 49473$fFLFBC 959 $aFLFBC 996 $aEbrei, i marrani e la figura di Salomon Usque$9668185 997 $aUNINA